Cereal Quiz - Statistics

General Stats
  • This quiz has been taken 43 times
  • The average score is 6 of 10
Answer Stats
Picture Answer % Correct
Cheerios
95%
Lucky Charms
92%
Corn Flakes
84%
Rice Krispies
84%
Curiously Cinnamon
70%
Cookie Crisp
54%
Bran Flakes
30%
Krave
19%
Shreddies
16%
Coco Pops
14%
No matching quizzes found
Score Distribution
Percent of People with Each Score
Percentile by Number Answered
Your Score History
You have not taken this quiz